[Event "ODJM B 2017"]
[Site "Willingen GER"]
[Date "2017.06.08"]
[Round "7"]
[White "Altgelt, Helene"]
[Black "Eichstaedt, Ina"]
[Result "1-0"]
[Termination "normal"]
[Board "26"]
[WhiteElo "985"]
[BlackElo "1215"]
[PlyCount "79"]
[WhiteFideId "16232020"]
[BlackFideId "1270265"]
[EventCountry "GER"]
[EventRounds "9"]
[EventType "swiss"]
[EventDate "2017.06.03"]

1. e4 e5 2. Nf3 Nc6 3. d4 exd4 4. Nxd4 Nf6 5. Nxc6 bxc6 6. e5 Qe7 7. Qe2 Nd5 8.
c4 Nb6 9. b3 d6 10. exd6 cxd6 11. Bf4 Qxe2+ 12. Bxe2 Be7 13. Nd2 Bf5 14. Bf3
Rc8 15. O-O Kd7 16. Rad1 Rhd8 17. Ne4 Kc7 18. Rd2 Bxe4 19. Bxe4 g6 20. c5 Na8
21. Rfd1 Kb7 22. cxd6 Nb6 23. dxe7 Rxd2 24. Rxd2 Nd5 25. Bxd5 cxd5 26. Rxd5 Re8
27. Rd7+ Kc6 28. Rxa7 Kd5 29. g3 Ke6 30. Kg2 f5 31. b4 Rxe7 32. Rxe7+ Kxe7 33.
a4 Kd7 34. b5 Kc8 35. a5 Kb7 36. Kf3 h5 37. h4 g5 38. Bxg5 f4 39. gxf4 Ka8 40.
f5 1-0

[Event "ODJM B 2017"]
[Site "Willingen GER"]
[Date "2017.06.08"]
[Round "7"]
[White "Reuker, Ronja"]
[Black "Hoppstädter, Daniel"]
[Result "1-0"]
[Termination "normal"]
[Board "27"]
[WhiteElo "1331"]
[BlackElo "911"]
[PlyCount "81"]
[WhiteFideId "12947172"]
[BlackFideId "16243625"]
[EventCountry "GER"]
[EventRounds "9"]
[EventType "swiss"]
[EventDate "2017.06.03"]

1. e4 e6 2. Nf3 d5 3. Nc3 d4 4. Ne2 Nc6 5. d3 Nf6 6. c3 Bc5 7. Bf4 Ng4 8. Bg3
e5 9. h3 Nf6 10. Bxe5 Nxe5 11. Nxe5 dxc3 12. bxc3 O-O 13. Ng3 c6 14. d4 Ba3 15.
Qb3 Be7 16. Bc4 Qe8 17. a4 Nd7 18. Nxd7 Bxd7 19. Qxb7 Qc8 20. Qxc8 Raxc8 21.
O-O Rfe8 22. Rab1 Bh4 23. Rb7 Rcd8 24. Nf5 Bg5 25. Nd6 Re7 26. Rfb1 h6 27. Rxa7
Bd2 28. Rb3 Bf4 29. e5 c5 30. a5 Kf8 31. a6 Be6 32. Rxe7 Kxe7 33. Rb7+ Rd7 34.
Rxd7+ Kxd7 35. Bxe6+ fxe6 36. a7 cxd4 37. cxd4 g5 38. a8=Q Kc7 39. Qb7+ Kd8 40.
Qc8+ Ke7 41. Qe8# 1-0

[Event "ODJM B 2017"]
[Site "Willingen GER"]
[Date "2017.06.08"]
[Round "7"]
[White "Chouiki, Tarek"]
[Black "Reyher, Bastian"]
[Result "1-0"]
[Termination "normal"]
[Board "28"]
[WhiteElo "1181"]
[BlackElo "1102"]
[PlyCount "63"]
[WhiteFideId "16212266"]
[BlackFideId "12927465"]
[EventCountry "GER"]
[EventRounds "9"]
[EventType "swiss"]
[EventDate "2017.06.03"]

1. e4 e5 2. Nf3 Nc6 3. Bc4 Bc5 4. d3 d6 5. Ng5 f6 6. Nf7 Qe7 7. Nxh8 Nh6 8.
Qh5+ Kf8 9. Bxh6 Be6 10. Bxe6 Qxe6 11. Bd2 Nd4 12. Qd1 Ke7 13. c3 Nc6 14. b4
Bb6 15. a4 a5 16. b5 Na7 17. Qe2 Rxh8 18. c4 Bd4 19. Bc3 Bc5 20. Bxa5 b6 21.
Bc3 Rf8 22. a5 f5 23. O-O f4 24. axb6 Bxb6 25. Qf3 Qg6 26. Ba5 Nc8 27. Bxb6
Nxb6 28. Nc3 Kd7 29. Nd5 Nc8 30. Qh3+ Kd8 31. Ra8 Ke8 32. Qxc8+ 1-0

[Event "ODJM B 2017"]
[Site "Willingen GER"]
[Date "2017.06.08"]
[Round "7"]
[White "Kobald, Pierre"]
[Black "Kiefhaber, Tobias"]
[Result "1/2-1/2"]
[Termination "normal"]
[Board "29"]
[WhiteElo "1287"]
[BlackElo "1093"]
[PlyCount "40"]
[WhiteFideId "12983659"]
[BlackFideId "16240693"]
[EventCountry "GER"]
[EventRounds "9"]
[EventType "swiss"]
[EventDate "2017.06.03"]

1. e4 c6 2. d4 d5 3. exd5 cxd5 4. Bd3 Nf6 5. Nf3 Bg4 6. O-O e6 7. Bf4 Bd6 8.
Bxd6 Qxd6 9. c3 O-O 10. h3 Bh5 11. Nbd2 Nc6 12. Qe2 Rfe8 13. Bb5 Re7 14. Qd3
Rae8 15. Bxc6 bxc6 16. Ne5 Nd7 17. Rae1 f6 18. Nxd7 Qxd7 19. Re3 e5 20. Rfe1 e4
1/2-1/2

[Event "ODJM B 2017"]
[Site "Willingen GER"]
[Date "2017.06.08"]
[Round "7"]
[White "Robelly, David"]
[Black "Schmidt, Pauline"]
[Result "0-1"]
[Termination "normal"]
[Board "30"]
[WhiteElo "1058"]
[BlackElo "1244"]
[PlyCount "86"]
[WhiteFideId "16236300"]
[BlackFideId "16209850"]
[EventCountry "GER"]
[EventRounds "9"]
[EventType "swiss"]
[EventDate "2017.06.03"]

1. e4 e5 2. Nf3 Nc6 3. d4 exd4 4. Bc4 Bc5 5. c3 Nf6 6. e5 d5 7. Bb5 Ne4 8. Nxd4
Bd7 9. Be3 Nxe5 10. Bxd7+ Qxd7 11. O-O O-O 12. f3 Nf6 13. Qe1 Rfe8 14. Qg3 Ng6
15. Re1 Bd6 16. Qf2 Nf4 17. Nd2 Nd3 18. Qf1 Nxe1 19. Rxe1 c5 20. N4b3 b6 21.
Qf2 Re6 22. Rd1 Rae8 23. Bg5 Re2 24. Qg3 Bxg3 25. hxg3 Qf5 26. Bf4 Re1+ 27.
Rxe1 Rxe1+ 28. Kf2 Re8 29. Kg1 Qc2 30. Kh2 Qxb2 31. Kg1 Qxa2 32. Kh2 a5 33. Nf1
Qxb3 34. Ne3 a4 35. Kg1 a3 36. Kh2 a2 37. c4 a1=Q 38. cxd5 Nxd5 39. Ng4 Nxf4
40. gxf4 Qaa2 41. f5 Qxf3 42. Nf2 Qaxf2 43. f6 Q3xg2# 0-1

[Event "ODJM B 2017"]
[Site "Willingen GER"]
[Date "2017.06.08"]
[Round "7"]
[White "Wilmink, Luca"]
[Black "Hapke, Lara"]
[Result "1-0"]
[Termination "normal"]
[Board "32"]
[WhiteElo "968"]
[BlackElo "1347"]
[PlyCount "43"]
[WhiteFideId "16245253"]
[BlackFideId "12996572"]
[EventCountry "GER"]
[EventRounds "9"]
[EventType "swiss"]
[EventDate "2017.06.03"]

1. e4 e5 2. Nf3 Nc6 3. Bc4 Bc5 4. O-O Nf6 5. d3 a6 6. c3 d6 7. Be3 Bxe3 8. fxe3
Bg4 9. Nbd2 Qd7 10. Qe1 O-O-O 11. b4 Ne7 12. a4 h5 13. b5 a5 14. Bxf7 d5 15.
Bxd5 Nexd5 16. exd5 Nxd5 17. d4 exd4 18. exd4 Nxc3 19. Nb3 Rde8 20. Qxc3 h4 21.
Qxa5 Bxf3 22. Qa8# 1-0

[Event "ODJM B 2017"]
[Site "Willingen GER"]
[Date "2017.06.08"]
[Round "7"]
[White "Abou Wally, Adrian"]
[Black "Pham, Anh Tuan"]
[Result "1/2-1/2"]
[Termination "normal"]
[Board "33"]
[WhiteElo "1197"]
[BlackElo "1017"]
[PlyCount "55"]
[WhiteFideId "16245113"]
[BlackFideId "16245229"]
[EventCountry "GER"]
[EventRounds "9"]
[EventType "swiss"]
[EventDate "2017.06.03"]

1. e4 e5 2. Nf3 Nc6 3. Bc4 Bc5 4. c3 d6 5. d3 Bg4 6. h3 Bh5 7. O-O Nf6 8. Bb3
O-O 9. Re1 h6 10. Nbd2 b5 11. Nf1 Re8 12. Ng3 Bg6 13. Bc2 Bb6 14. d4 Nd7 15.
Bb3 Ne7 16. a4 a6 17. dxe5 Nxe5 18. Nxe5 dxe5 19. Qf3 Rf8 20. Nf5 Bc5 21. Nxe7+
Qxe7 22. Qg3 Qf6 23. Be3 Bxe3 24. Rxe3 Bh5 25. Bd1 Bxd1 26. Rxd1 bxa4 27. Red3
Rab8 28. R1d2 1/2-1/2

[Event "ODJM B 2017"]
[Site "Willingen GER"]
[Date "2017.06.08"]
[Round "7"]
[White "Schotthöfer, Samira"]
[Black "Guo, Jacob Tingshen"]
[Result "1-0"]
[Termination "normal"]
[Board "34"]
[WhiteElo "1113"]
[BlackElo "971"]
[PlyCount "109"]
[WhiteFideId "16243455"]
[BlackFideId "16245245"]
[EventCountry "GER"]
[EventRounds "9"]
[EventType "swiss"]
[EventDate "2017.06.03"]

1. e4 e5 2. Nf3 Nc6 3. Bc4 Nf6 4. d4 exd4 5. e5 Ng4 6. O-O Bc5 7. h3 Ngxe5 8.
Nxe5 Nxe5 9. Re1 d6 10. f4 Qf6 11. Kh1 O-O 12. fxe5 dxe5 13. Nd2 Bd6 14. Ne4
Qg6 15. Nxd6 cxd6 16. Qf3 Qxc2 17. Qg3 g6 18. Bb3 Qf5 19. Bh6 Re8 20. Qg5 Qxg5
21. Bxg5 Rf8 22. Be7 Re8 23. Bxd6 e4 24. Bc5 d3 25. Bd5 b6 26. Bxa8 bxc5 27.
Rxe4 Rd8 28. Rd1 Ba6 29. Bc6 Kf8 30. a4 c4 31. Bb5 Bxb5 32. axb5 Kg7 33. Rxc4
Kf6 34. Rc3 d2 35. Rc2 Ke5 36. Rcxd2 Rxd2 37. Rxd2 f5 38. Rd7 h5 39. Rxa7 Kd6
40. Rg7 Kc5 41. Rxg6 Kxb5 42. Rg5 Kb4 43. Rxf5 Kb3 44. Rxh5 Kxb2 45. Rc5 Kb3
46. g4 Kb4 47. Rc8 Kb5 48. g5 Kb4 49. g6 Kb5 50. g7 Kb4 51. g8=R Kb5 52. Rg1
Kb6 53. Rb1+ Ka7 54. Rc2 Ka6 55. Ra2# 1-0

[Event "ODJM B 2017"]
[Site "Willingen GER"]
[Date "2017.06.08"]
[Round "7"]
[White "Färber, Sophie"]
[Black "Schulz, Paul"]
[Result "0-1"]
[Termination "normal"]
[Board "35"]
[WhiteElo "1093"]
[BlackElo "1001"]
[PlyCount "58"]
[WhiteFideId "16239121"]
[BlackFideId "16245237"]
[EventCountry "GER"]
[EventRounds "9"]
[EventType "swiss"]
[EventDate "2017.06.03"]

1. e4 c5 2. Nc3 Nc6 3. Nf3 g6 4. Bb5 Bg7 5. O-O d6 6. d4 Bd7 7. dxc5 dxc5 8.
Re1 a6 9. Bxc6 Bxc6 10. Bf4 Nf6 11. Be5 O-O 12. Bxf6 exf6 13. Re3 Qc7 14. Qd2
Bh6 15. Rae1 Rad8 16. Qc1 Rfe8 17. Nd2 Bxe3 18. Rxe3 Rd6 19. Nc4 Rd4 20. Nd2
Rd7 21. Qe1 b5 22. a3 b4 23. Ncb1 Bb5 24. axb4 cxb4 25. c3 Rd3 26. Nf3 Rxe3 27.
Qxe3 Qd6 28. Qe1 Bd3 29. Nfd2 Qe7 0-1

[Event "ODJM B 2017"]
[Site "Willingen GER"]
[Date "2017.06.08"]
[Round "7"]
[White "Butenandt, Albrecht"]
[Black "Ludwig, Lea"]
[Result "1-0"]
[Termination "normal"]
[Board "37"]
[WhiteElo "1031"]
[BlackElo "1251"]
[PlyCount "101"]
[WhiteFideId "16213424"]
[BlackFideId "16217381"]
[EventCountry "GER"]
[EventRounds "9"]
[EventType "swiss"]
[EventDate "2017.06.03"]

1. e4 e5 2. Nf3 Nc6 3. Nc3 Nf6 4. d4 exd4 5. Nxd4 Bb4 6. Nxc6 bxc6 7. Bd3 O-O
8. O-O d5 9. exd5 Bxc3 10. bxc3 cxd5 11. h3 c6 12. Qf3 Re8 13. Bf4 Bd7 14. c4
Qc8 15. cxd5 cxd5 16. Bg5 Ne4 17. Bf4 Bf5 18. Rfe1 Qc3 19. Rad1 Re6 20. Bd2
Nxd2 21. Qxf5 Rxe1+ 22. Rxe1 Nf3+ 23. gxf3 Qxe1+ 24. Kh2 Qxf2+ 25. Kh1 Qh4 26.
Qxd5 Rd8 27. Qb7 Qa4 28. Qb2 Qd4 29. Qb3 Qa1+ 30. Kh2 Qe5+ 31. Kg2 Qg5+ 32. Kf2
Qd2+ 33. Kg3 g6 34. Qb7 Qa5 35. Bc4 Rf8 36. Bb3 Qb6 37. Qd7 a5 38. Qd5 Qb4 39.
a4 Qb8+ 40. Kf2 Qh2+ 41. Ke3 Qxh3 42. Qxa5 Re8+ 43. Kd3 Qd7+ 44. Kc3 Re3+ 45.
Kb2 Rxf3 46. Qa8+ Kg7 47. Qxf3 Qd4+ 48. Ka3 Qc5+ 49. Ka2 Qf5 50. Qxf5 gxf5 51.
a5 1-0

[Event "ODJM B 2017"]
[Site "Willingen GER"]
[Date "2017.06.08"]
[Round "7"]
[White "Schicks, Jonathan"]
[Black "Ott, Linda"]
[Result "0-1"]
[Termination "normal"]
[Board "38"]
[WhiteElo "741"]
[BlackElo "1075"]
[PlyCount "34"]
[WhiteFideId "16245296"]
[BlackFideId "12992453"]
[EventCountry "GER"]
[EventRounds "9"]
[EventType "swiss"]
[EventDate "2017.06.03"]

1. e4 e5 2. Nf3 Nc6 3. Bc4 Bc5 4. Nc3 d6 5. Ng5 Qxg5 6. d4 Qxg2 7. Rf1 Nxd4 8.
Qh5 Be6 9. Nd5 Qxe4+ 10. Be3 Bxd5 11. Bxd5 Qxd5 12. Qg5 g6 13. Qf6 Nxf6 14.
O-O-O Qxa2 15. c3 Qa1+ 16. Kd2 Qxb2+ 17. Kd3 Qe2# 0-1

[Event "ODJM B 2017"]
[Site "Willingen GER"]
[Date "2017.06.08"]
[Round "7"]
[White "Bendtschneider, Nils"]
[Black "Foos, Vanessa"]
[Result "1-0"]
[Termination "normal"]
[Board "39"]
[WhiteElo "1080"]
[BlackElo "935"]
[PlyCount "81"]
[WhiteFideId "16245180"]
[BlackFideId "16245270"]
[EventCountry "GER"]
[EventRounds "9"]
[EventType "swiss"]
[EventDate "2017.06.03"]

1. d4 d5 2. Nc3 Nc6 3. Nf3 Bf5 4. Bf4 Nf6 5. e3 e6 6. Bb5 Bd6 7. Be5 O-O 8. O-O
Ng4 9. Bxd6 Qxd6 10. h3 Nf6 11. Bxc6 bxc6 12. Ne5 Qb4 13. Rb1 c5 14. a3 Qb6 15.
Na4 Qa5 16. Nxc5 Qb5 17. a4 Qe8 18. b3 c6 19. g4 Bg6 20. g5 Bh5 21. Qe1 Ne4 22.
Ncd7 Nxg5 23. Nxf8 Kxf8 24. Kh2 Bf3 25. h4 Qd8 26. Rg1 f6 27. Nxc6 Qc7+ 28. Rg3
Qxc6 29. hxg5 Be4 30. gxf6 gxf6 31. Qb4+ Kf7 32. Rc1 Bxc2 33. Qd2 Rc8 34. Rg2
Qd6+ 35. Rg3 h5 36. Rxc2 Rxc2 37. Qxc2 h4 38. Qg6+ Ke7 39. Qh7+ Kf8 40. Qxh4 a5
41. Kg2 1-0

[Event "ODJM B 2017"]
[Site "Willingen GER"]
[Date "2017.06.08"]
[Round "7"]
[White "Köber, Simon"]
[Black "Reichel, Sara"]
[Result "1/2-1/2"]
[Termination "normal"]
[Board "40"]
[WhiteElo "1232"]
[BlackElo "1154"]
[PlyCount "40"]
[WhiteFideId "16245083"]
[BlackFideId "16245130"]
[EventCountry "GER"]
[EventRounds "9"]
[EventType "swiss"]
[EventDate "2017.06.03"]

1. e4 c5 2. Nf3 g6 3. d4 cxd4 4. Nxd4 Nc6 5. Nxc6 bxc6 6. Nc3 Bg7 7. Bd2 e6 8.
f4 Ne7 9. Qf3 O-O 10. O-O-O d5 11. exd5 cxd5 12. h4 Rb8 13. h5 Qb6 14. b3 Bd7
15. hxg6 fxg6 16. Qh3 h6 17. Bd3 a5 18. a4 Qb4 19. Kb2 d4 20. Nd5 Qd6 1/2-1/2

[Event "ODJM B 2017"]
[Site "Willingen GER"]
[Date "2017.06.08"]
[Round "7"]
[White "Listing, Lara Marie"]
[Black "Claussen, Carlos"]
[Result "1-0"]
[Termination "normal"]
[Board "42"]
[WhiteElo "724"]
[BlackElo "864"]
[PlyCount "49"]
[WhiteFideId "16245300"]
[BlackFideId "16245288"]
[EventCountry "GER"]
[EventRounds "9"]
[EventType "swiss"]
[EventDate "2017.06.03"]

1. e4 e5 2. Nf3 Nc6 3. Nc3 Bc5 4. Bc4 Nf6 5. Ng5 d5 6. exd5 Na5 7. Bd3 Bg4 8.
Nf3 O-O 9. a3 Nxd5 10. b4 Nxc3 11. dxc3 Nc6 12. bxc5 e4 13. Bxe4 Qxd1+ 14. Kxd1
Rad8+ 15. Bd2 Rfe8 16. Bxc6 bxc6 17. h3 Bxf3+ 18. gxf3 Re7 19. Rb1 Red7 20. Kc1
Rxd2 21. Rf1 R2d5 22. Rb7 R8d7 23. Rxa7 Rxc5 24. Ra8+ Rd8 25. Rxd8# 1-0

[Event "ODJM B 2017"]
[Site "Willingen GER"]
[Date "2017.06.08"]
[Round "7"]
[White "Costa, Martina"]
[Black "Schulz, Jonas"]
[Result "1-0"]
[Termination "normal"]
[Board "43"]
[WhiteElo "854"]
[BlackElo "1120"]
[PlyCount "147"]
[WhiteFideId "16241428"]
[BlackFideId "16245172"]
[EventCountry "GER"]
[EventRounds "9"]
[EventType "swiss"]
[EventDate "2017.06.03"]

1. e4 e5 2. Nf3 Nc6 3. d3 Bc5 4. Be2 Nf6 5. c3 d6 6. d4 Bg4 7. dxc5 dxc5 8.
Qxd8+ Rxd8 9. O-O Nxe4 10. Rd1 Rxd1+ 11. Bxd1 O-O 12. h3 Rd8 13. Be2 Bxf3 14.
Bxf3 Ng5 15. Bxg5 Re8 16. Nd2 h6 17. Be3 f5 18. Bxc6 bxc6 19. Bxc5 -- {Der
Bauer auf c5 ist auf mysteriöse Weise nach b5 geraten.} 20. Bxa7 Rd8 21. Rd1
Ra8 22. Bc5 Rxa2 23. b3 Rc2 24. c4 e4 25. Nb1 {In der Partie folgte bxc5, Sa3,
Te2, Sxc4} Rxc4 26. Na3 Rc2 27. -- Re2 28. Nc4 f4 29. Ne5 e3 30. Nxc6 exf2+ 31.
Bxf2 Rc2 32. b4 Rxc6 33. b5 Rc4 34. g3 f3 35. g4 Rb4 36. Rd8+ Kh7 37. Rb8 c6
38. b6 Rb1+ 39. Kh2 Rf1 40. Kg3 c5 41. Rc8 Rb1 42. Rc6 Rb5 43. Kxf3 Rb3+ 44.
Kg2 c4 45. Rxc4 g5 46. Rc7+ Kh8 47. b7 Rb2 48. Rc8+ Kh7 49. b8=Q Rxb8 50. Rxb8
Kg6 51. Rb6+ Kg7 52. Bc5 Kg8 53. Kg3 Kh7 54. h4 gxh4+ 55. Kxh4 Kg7 56. Bd4+ Kh7
57. g5 hxg5+ 58. Kxg5 Kg8 59. Rb7 -- 60. Kg6 Kf8 61. Bc5+ Ke8 62. Bb6 Kf8 63.
Rd7 Ke8 64. Rd8+ Ke7 65. Kf5 Kf7 66. Bc5 Kg7 67. Kg5 Kf7 68. Rd6 Ke7 69. Kf5
Kf7 70. Re6 Kg7 71. Rf6 Kg8 72. Kg6 Kh8 73. Rf7 Kg8 74. Rf8# 1-0

[Event "ODJM B 2017"]
[Site "Willingen GER"]
[Date "2017.06.10"]
[Round "9"]
[White "Leßmann, Sönke"]
[Black "Rautenberg, Jakob"]
[Result "1-0"]
[Termination "normal"]
[Board "1"]
[WhiteElo "1557"]
[BlackElo "1695"]
[WhiteClock "00:58:20"]
[BlackClock "00:35:23"]
[PlyCount "93"]
[WhiteFideId "16222520"]
[BlackFideId "16214749"]
[EventCountry "GER"]
[EventRounds "9"]
[EventType "swiss"]
[EventDate "2017.06.03"]

1. e4 {[%clk 1:30:58]} 1... e5 {[%clk 1:30:52]} 2. Nf3 {[%clk 1:31:22]} 2...
Nc6 {[%clk 1:31:11]} 3. Bc4 {[%clk 1:31:44]} 3... Bc5 {[%clk 1:31:36]} 4. c3 {
[%clk 1:32:11]} 4... Nf6 {[%clk 1:31:47]} 5. d3 {[%clk 1:32:34]} 5... a6 {
[%clk 1:32:00]} 6. Nbd2 {[%clk 1:32:32]} 6... d6 {[%clk 1:31:30]} 7. h3 { [%clk
1:32:52]} 7... Be6 {[%clk 1:29:59]} 8. Bb3 {[%clk 1:33:12]} 8... Ba7 { [%clk
1:29:54]} 9. O-O {[%clk 1:32:31]} 9... h6 {[%clk 1:30:10]} 10. Re1 { [%clk
1:31:51]} 10... Qd7 {[%clk 1:28:45]} 11. Bxe6 {[%clk 1:30:49]} 11... Qxe6
{[%clk 1:27:43]} 12. Nf1 {[%clk 1:30:48]} 12... O-O {[%clk 1:27:11]} 13. Ng3 {
[%clk 1:30:53]} 13... Rfe8 {[%clk 1:26:58]} 14. Nf5 {[%clk 1:27:59]} 14... Rad8
{[%clk 1:25:13]} 15. Nh2 {[%clk 1:23:17]} 15... Ne7 {[%clk 1:22:37]} 16. Qf3 {
[%clk 1:22:57]} 16... Nxf5 {[%clk 1:20:59]} 17. exf5 {[%clk 1:23:16]} 17... Qd5
{[%clk 1:16:57]} 18. Qg3 {[%clk 1:22:20]} 18... Kh7 {[%clk 1:13:35]} 19. c4 {
[%clk 1:18:36]} 19... Qc6 {[%clk 1:04:13]} 20. Qh4 {[%clk 1:11:16]} 20... Kg8 {
[%clk 0:50:14]} 21. Bxh6 {[%clk 1:08:58]} 21... gxh6 {[%clk 0:47:53]} 22. Qxf6
{[%clk 1:09:01]} 22... d5 {[%clk 0:45:53]} 23. Ng4 {[%clk 1:08:38]} 23... Kf8 {
[%clk 0:41:21]} 24. Qh8+ {[%clk 1:07:11]} 24... Ke7 {[%clk 0:41:34]} 25. Rxe5+
{[%clk 1:07:34]} 25... Kd6 {[%clk 0:39:44]} 26. Qf6+ {[%clk 1:06:59]} 26... Kd7
{[%clk 0:39:21]} 27. Qxf7+ {[%clk 1:07:14]} 27... Kc8 {[%clk 0:39:36]} 28. Rxe8
{[%clk 1:06:41]} 28... Rxe8 {[%clk 0:39:26]} 29. Qxd5 {[%clk 1:06:33]} 29...
Qb6 {[%clk 0:38:49]} 30. Qf7 {[%clk 0:58:57]} 30... Rd8 {[%clk 0:37:59]} 31.
Qe6+ {[%clk 0:58:20]} 31... Kb8 {[%clk 0:36:50]} 32. Qxb6 {[%clk 0:57:57]}
32... Bxb6 {[%clk 0:37:14]} 33. Rd1 {[%clk 0:58:04]} 33... Rf8 {[%clk 0:36:41]}
34. Nxh6 {[%clk 0:57:40]} 34... Rf6 {[%clk 0:37:10]} 35. Ng4 {[%clk 0:57:40]}
35... Rxf5 {[%clk 0:37:32]} 36. d4 {[%clk 0:57:53]} 36... Rf4 {[%clk 0:37:04]}
37. c5 {[%clk 0:58:07]} 37... Ba7 {[%clk 0:36:53]} 38. g3 {[%clk 0:58:07]}
38... Re4 {[%clk 0:36:53]} 39. Ne3 {[%clk 0:58:34]} 39... b6 {[%clk 0:36:57]}
40. b4 {[%clk 0:58:48]} 40... Kb7 {[%clk 0:36:22]} 41. h4 {[%clk 0:57:51]}
41... c6 {[%clk 0:36:01]} 42. h5 {[%clk 0:58:07]} 42... Re6 {[%clk 0:35:01]}
43. g4 {[%clk 0:58:08]} 43... Bb8 {[%clk 0:35:19]} 44. Kg2 44... Bf4 { [%clk
0:35:24]} 45. Kf3 {[%clk 0:58:12]} 45... Bh6 {[%clk 0:35:39]} 46. Nf5 { [%clk
0:58:30]} 46... Rf6 {[%clk 0:35:23]} 47. Re1 {[%clk 0:58:20]} 1-0

[Event "ODJM B 2017"]
[Site "Willingen GER"]
[Date "2017.06.10"]
[Round "9"]
[White "Ding, Zheheng"]
[Black "Thorz, Maximilian"]
[Result "0-1"]
[Termination "normal"]
[Board "2"]
[WhiteElo "1800"]
[BlackElo "1596"]
[WhiteClock "00:00:39"]
[BlackClock "01:26:24"]
[PlyCount "98"]
[WhiteFideId "16240413"]
[BlackFideId "16220668"]
[EventCountry "GER"]
[EventRounds "9"]
[EventType "swiss"]
[EventDate "2017.06.03"]

1. e4 {[%clk 1:30:59]} 1... c5 {[%clk 1:30:34]} 2. Nf3 {[%clk 1:31:22]} 2... d6
{[%clk 1:30:40]} 3. d4 {[%clk 1:31:50]} 3... cxd4 {[%clk 1:30:55]} 4. Nxd4 {
[%clk 1:32:11]} 4... Nf6 {[%clk 1:31:04]} 5. Nc3 {[%clk 1:32:32]} 5... a6 {
[%clk 1:31:26]} 6. Be3 {[%clk 1:32:47]} 6... e5 {[%clk 1:31:43]} 7. Nb3 { [%clk
1:33:16]} 7... Be6 {[%clk 1:31:57]} 8. f3 {[%clk 1:32:55]} 8... Be7 { [%clk
1:31:56]} 9. Qd2 {[%clk 1:33:19]} 9... O-O {[%clk 1:32:18]} 10. g4 { [%clk
1:33:37]} 10... b5 {[%clk 1:32:33]} 11. O-O-O {[%clk 1:33:39]} 11... Nbd7
{[%clk 1:32:31]} 12. g5 {[%clk 1:33:51]} 12... b4 {[%clk 1:32:52]} 13. Nd5 {
[%clk 1:34:02]} 13... Nxd5 {[%clk 1:32:51]} 14. exd5 {[%clk 1:34:01]} 14... Bf5
{[%clk 1:33:08]} 15. h4 {[%clk 1:30:15]} 15... a5 {[%clk 1:33:20]} 16. Kb1 {
[%clk 1:24:31]} 16... Qc7 {[%clk 1:25:12]} 17. Bd3 {[%clk 1:24:47]} 17... Bxd3
{[%clk 1:24:57]} 18. Qxd3 {[%clk 1:25:08]} 18... a4 {[%clk 1:24:44]} 19. Nd2 {
[%clk 1:14:25]} 19... Rfc8 {[%clk 1:20:06]} 20. Ne4 {[%clk 1:13:10]} 20... Qa5
{[%clk 1:17:05]} 21. Rd2 {[%clk 0:57:01]} 21... Nc5 {[%clk 1:10:14]} 22. Bxc5 {
[%clk 0:55:17]} 22... dxc5 {[%clk 1:10:27]} 23. Qc4 {[%clk 0:55:32]} 23... b3 {
[%clk 1:09:41]} 24. cxb3 {[%clk 0:50:59]} 24... axb3 {[%clk 1:06:20]} 25. a3 {
[%clk 0:49:41]} 25... Rab8 {[%clk 1:05:41]} 26. d6 {[%clk 0:36:33]} 26... Rd8 {
[%clk 1:01:35]} 27. Rhd1 {[%clk 0:32:07]} 27... Bf8 {[%clk 1:01:19]} 28. g6 {
[%clk 0:20:06]} 28... hxg6 {[%clk 1:00:57]} 29. Ng5 {[%clk 0:20:14]} 29... Rd7
{[%clk 1:00:53]} 30. Rd5 {[%clk 0:13:32]} 30... Qb5 {[%clk 0:59:55]} 31. Qxb5 {
[%clk 0:12:06]} 31... Rxb5 {[%clk 1:00:22]} 32. Ne4 {[%clk 0:11:14]} 32... f5 {
[%clk 1:00:02]} 33. Nc3 {[%clk 0:07:59]} 33... Ra5 {[%clk 0:59:19]} 34. Rxe5 {
[%clk 0:08:02]} 34... Rxd6 {[%clk 0:59:39]} 35. Rxd6 {[%clk 0:08:16]} 35...
Bxd6 {[%clk 1:00:08]} 36. Re6 {[%clk 0:08:23]} 36... Bg3 {[%clk 1:00:20]} 37.
Rxg6 {[%clk 0:07:18]} 37... Bxh4 {[%clk 1:00:40]} 38. Rb6 {[%clk 0:07:33]}
38... g5 {[%clk 0:59:58]} 39. Rxb3 {[%clk 0:07:17]} 39... g4 {[%clk 0:59:52]}
40. fxg4 {[%clk 0:07:46]} 40... fxg4 {[%clk 1:00:14]} 41. Ne4 {[%clk 0:07:35]}
41... Kg7 {[%clk 0:59:15]} 42. Rc3 {[%clk 0:16:11]} 42... Kg6 {[%clk 1:27:00]}
43. Kc2 {[%clk 0:15:27]} 43... Kf5 {[%clk 1:27:14]} 44. Nxc5 {[%clk 0:13:25]}
44... g3 {[%clk 1:27:14]} 45. Nb3 {[%clk 0:13:45]} 45... Rd5 {[%clk 1:26:58]}
46. Nc1 {[%clk 0:10:29]} 46... Re5 {[%clk 1:26:49]} 47. Rc8 {[%clk 0:09:21]}
47... Bg5 {[%clk 1:26:02]} 48. Rf8+ {[%clk 0:07:37]} 48... Kg4 {[%clk 1:26:12]}
49. Rf1 {[%clk 0:00:39]} 49... Rc5+ {[%clk 1:26:24]} 0-1